| 000 | 00909nas a2200301 4500 | ||
|---|---|---|---|
| 001 | BR2011007663 | ||
| 003 | BR-BrBNA | ||
| 005 | 20231205115224.0 | ||
| 007 | ta | ||
| 008 | 230509b bl.|||p| |||| 00| 00por d | ||
| 040 |
_aBR-BrBNA _bpor _cBiblioteca Nacional de Agricultura |
||
| 041 | _a(Pt) | ||
| 072 | _aP35 | ||
| 100 | 1 | _aSilva, A.N. da | |
| 100 | 1 | _aSantos, A.M. dos | |
| 100 | 1 | _aBortolotto, R.P. | |
| 100 | 1 | _aOlinda, R.A. de | |
| 100 | 1 | _aCarvalho, J.C.R. de | |
| 100 | 1 | _aReichardt, K. | |
| 245 | 1 | _aAvaliação da 'terra de quixabeira' (Bumelia sertorium L.)no melhoramento da qualidade do solo | |
| 650 | _aMILHO | ||
| 650 | _aSAPOTACEAE | ||
| 650 | _aRESÍDUO ORGÂNICO | ||
| 650 | _aADUBAÇÃO | ||
| 773 | 0 |
_tRevista de Agricultura (Brazil) _xISSN 0034-7655 _g(Sep 2011), v. 86(2) p. 155-161 _wBR2011007663 |
|
| 909 |
_a202311 _bLúcia _c55 _dLúcia Elande |
||
| 942 |
_2AGRIS _n0 _cANA |
||
| 999 |
_c212683 _d212683 |
||